Phase 4 Marvel Heroes by Picture - Statistics

General Stats
  • This quiz has been taken 24 times
  • The average score is 12 of 16
Answer Stats
Picture Answer % Correct
Moon Knight
100%
Thor (Jane Foster)
100%
Hawkeye (Kate Bishop)
96%
Shang-Chi
96%
Mobius
92%
Shuri
88%
U.S. Agent
88%
Sprite
79%
Thena
79%
Gilgamesh
75%
Kingo
71%
Sersi
67%
Makkari
63%
Phastos
54%
Clea
50%
Scarlet Scarab
46%
No matching quizzes found
Score Distribution
Percent of People with Each Score
Percentile by Number Answered
Your Score History
You have not taken this quiz